000 00789nam a2200229 i 4500
003 IT-RoINE
005 20171030110955.0
008 911121s1967 sp |r 000|||cat|d
040 _aNIC
_cDLC IT-RoINE
_dDLC
_dIT-RoINE
100 1 _aFolch, Artemi,
_d1908-1979
_941230
245 1 0 _aSantes Creus, panteó reial /
_cArtemi Folch.
260 _aBarcelona :
_bRafael Dalmau,
_cc1967.
300 _a60 p. ;
_c17 cm.
336 _2rdacontent
_atext
337 _2rdamedia
_aunmediated
338 _2rdacarrier
_avolume
490 1 _aEpisodis de la història ;
_v91
610 2 4 _aMonasterio de Santes Creus (Tarragona, España)
_941231
651 4 _aCataluña (España)
_xHistoria
_ySiglos 13o.-14o.
_941232
830 0 _913650
_aEpisodis de la història (Rafael Dalmau) ;
_v91
942 _cMTS
999 _c20956
_d20956